00458ntaaa2200181 45000030003000000050017000030080021000200400037000410820017000781000022000952450031001172500010001482600053001583000009002115000017002206500017002377000022002540120251027202747.00714s1973 ag 01  aAR-BaBNbspacAR-BaBNeaacrdRIC a793.0000 Ei8 aEisenberg, Helen  aThe end of your stunt hunt a1 ed. aNashville : bHelen and Harry Eisenberg, cc1947 a48 p aRecreación arecreación aEisenberg, Harry